| 000 | 00358pab a2200157 454500 | ||
|---|---|---|---|
| 008 | 180718b2007 xxu||||| |||| 00| 0 eng d | ||
| 100 | _aVohara, Ashok | ||
| 245 | _aReason, faith and religious beliefs | ||
| 260 | _c2007 | ||
| 300 | _ap.141-48. | ||
| 362 | _aApr-Jun | ||
| 650 | _aReligious belief | ||
| 773 | _aDialogue | ||
| 908 | _aN | ||
| 909 | _a74465 | ||
| 999 |
_c74465 _d74465 |
||